| 000 | 00513nam a2200169 4500 | ||
|---|---|---|---|
| 001 | 271 | ||
| 005 | 20230411085953.0 | ||
| 008 | 060907n1995 dr spa | ||
| 035 | _9funglode272 | ||
| 041 | _aES | ||
| 100 | _aPrieto, Indalecio | ||
| 245 | 1 | 3 |
_aLa tragedia de España : _bDiscursos pronunciados en América del Sur / _cIndalecio Prieto |
| 260 |
_aBarcelona : _bFundación Indalecio Prieto; Planeta, _c1995 |
||
| 300 | _a171 p. | ||
| 440 |
_aConvulsiones en España ; _v12 |
||
| 942 |
_2lcc _cbk |
||
| 999 |
_c110230 _d110230 |
||